| 000 | 01039nam0a22002891 4500 | ||
|---|---|---|---|
| 001 | RU\INFOCOMM_318\NLR\5000079693 | ||
| 005 | 20250613104429.0 | ||
| 035 | _a(NLR Aleph) 009503979 | ||
| 090 |
_a8723571 _c8723571 |
||
| 100 | _a20121203d1986 |||y0rusy50 ca | ||
| 101 | 1 |
_aspa _crus |
|
| 102 | _aRU | ||
| 105 | _ay z ||||| | ||
| 200 | 1 |
_aInvitación al diálogo _eAmérica Latina _eReflexiones acerca de la cultura del continente _e[Trad. del ruso _fComp. y coment.: I. Shatunóvskaya _gSupervisión e introd.: S. Mikoyán, dr en ciencia hist.] |
|
| 210 |
_aM. _cProgreso _d1986 |
||
| 215 |
_a463 с. _cил., портр. _d21 см |
||
| 300 | _aНа обороте тит. л.: Приглашение к диалогу | ||
| 620 | _aМосква | ||
| 686 |
_aТ3(70)0-7я43 _2rubbk |
||
| 686 |
_aТ3(70)6-7я43 _2rubbk |
||
| 702 | 1 |
_9z01790 _aŠatunovskaja _bI. _4220 |
|
| 790 | 1 |
_9z01702 _aShatunóvskaya _bI. _4220 |
|
| 801 | 1 |
_aRU _bNLR _c20121203 |
|
| 801 | 0 |
_aRU _bINFOCOMM _gPSBO |
|
| 852 |
_aNLR _jИ97 Д-3/649 |
||
| 942 | _cBOOK | ||
| 980 | _aNB | ||